Statistics for Top 15 Countries with Covid-19 Deaths - 5 November

Click here to take the quiz!

General Stats

  • This quiz has been taken 21 times
  • The average score is 15 of 19

Answer Stats

country% Correct
United States
100%
Brazil
95%
Italy
95%
Russia
95%
United Kingdom
95%
France
90%
India
90%
Spain
90%
Mexico
85%
Argentina
80%
Chile
75%
Colombia
75%
Peru
75%
Bolivia
70%
Ecuador
70%
Panama
65%
South Africa
65%
Belgium
60%
Iran
35%

Score Distribution

Percentile by Number Answered

Percent of People with Each Score

Your Score History

You have not taken this quiz